Vista normal
Vista MARC
- Garaventa, Jorge
Entrada Nombre personal
Número de registros utilizados en: 4
001 - NÚMERO DE CONTROL
- campo de control: 5714
003 - IDENTIFICADOR DE NÚMERO DE CONTROL
- campo de control: AR-BaBMM
005 - FECHA Y HORA DE LA ÚLTIMA TRANSACCIÓN
- campo de control: 20230420012211.0
008 - ELEMENTOS DE DATO DE LONGITUD-FIJA
- campo de control de longitud fija: 230420|| aca||aabn | a|a d
040 ## - FUENTE DE CATALOGACIÓN
- Centro catalogador/agencia de origen: AR-BaBMM
- Centro/agencia transcriptor: AR-BaBMM
100 ## - ENCABEZAMIENTO-NOMBRE DE PERSONA
- Nombre de persona: Garaventa, Jorge
670 ## - FUENTE DE DATOS ENCONTRADOS
- Cita de la fuente: Work cat.: (AR-BaBMM)2571: Raíces Montero, Jorge Horacio 3329, Adopción. La caída del prejuicio : , 2004


